NBA players by name (big) - Statistics

General Stats
  • This quiz has been taken 19 times
  • The average score is 12 of 15
Answer Stats
Hint Answer % Correct
Best player on the Bucks in 2025-2026 (Power forward or Center) Giannis Antetokounmpo
94%
Plays for the Celtics, but is out for the season (2025-2026) Jayson Tatum
94%
Takes insane threes and their all cash on the Hornets LaMelo Ball
94%
Mavericks to Lakers trade (recent) Luka Doncic
94%
Played for the Bulls in the 90's Michael Jordan
94%
Played for Serbia and is now on the Nuggets (averages a triple double) Nikola Jokic
94%
Won MVP in 2024-2025 season and plays for OKC Thunder Shai Gilgeous-Alexander
94%
Best shooter on the Suns (2025-2026) Devin Booker
88%
Clippers to Cavaliers trade in 2026 James Harden
88%
Won MVP in the finals for the Celtics in 2024 Jaylen Brown
88%
Was selected by suns 15th overall in 1996 Steve Nash
82%
Is a jokester on the Raptors and is insane on defense Scottie Barnes
71%
Backup Center for Rockets and played with Russell Westbrook Steven Adams
47%
Nickname is the Bald Mamba Alex Caruso
41%
Has a afro and is on Cleveland Cavaliers (Center Position) Jarret Allen
12%
No matching quizzes found
Score Distribution
Percent of People with Each Score
Percentile by Number Answered
Your Score History
You have not taken this quiz